000 01193nas a2200253 i 4500
003 DO-SdBNP
005 20260514103920.0
007 ta
008 260513e2012 dr mn|p|r||||||0| | spa d
022 _a1690-2041
040 _aDO-SdBNP
_bspa
_cBNPHU
_erda
041 _aspa
245 _aSala de espera :
_bvale la pena esperar /
_cSala de espera.
264 _aSanto Domingo, República Dominicana :
_bSala De Espera,
_c2012.
300 _avolumen :
_bilustraciones, fotografías;
_c28 cm.
336 _atexto
_btxt
_2rdacontent
337 _asin mediación
_bn
_2rdamedia
338 _avolumen
_bnc
_2rdacarrier
362 _aAño 1. No. 2. febrero 2012.
500 _aCatalogación basada en el: Año 1. No. 2. febrero 2012.
520 _aLa revista Sala de Espera, dirigida por la periodista venezolana Katherine Hernández en República Dominicana, es un proyecto de variedades y cultura que busca amenizar los tiempos de espera. Se enfoca en el panorama artístico, cultural y social del país, ofreciendo contenido ligero pero informativo para lectores en consultorios, oficinas y espacios públicos.
650 0 _aVariedades
_vPublicaciones periódicas
_989561
942 _2ddc
_cISSUE
999 _c60730
_d60730